000 00952nam a2200229 a 4500
001 000002925
005 20200929150304.0
008 090706s1977 dr r 000 0 spa d
020 _a8484010074
040 _aDO-SdBNP
_bspa
_cBNPHU
082 _a327.7307293
_bT168e
100 1 _aTansill, Charles Callan,
_d1890-1964.
_99295
245 1 4 _aLos Estados Unidos y Santo Domingo, 1798-1873 :
_bun capítulo en la diplomacia del Caribe /
_cCharles Callan Tansill.
246 1 4 _aLos Estados Unidos y Santo Domingo, 1978-1873.
260 _aSanto Domingo :
_bEditora de Santo Domingo,
_c1977.
300 _a546 p. ;
_c22 cm.
504 _aIncluye referencias bibliográficas y notas al pie de las páginas.
590 _aInventariado, 2018/BT
651 4 _aEstados Unidos
_xRelaciones Exteriores
_zRepública Dominicana
_96309
651 4 _aRepública Dominicana
_xRelaciones Exteriores
_zEstados Unidos
_96308
910 _aValidado. Control de calidad. MMOLINA
999 _c2758
_d2758